Od oświecenia ku romantyzmowi i dalej...

Titel: Od oświecenia ku romantyzmowi i dalej... : autorzy - dzieła - czytelnicy / pod redakcją Marka Piechoty, Janusza Ryby, Marii Janoszki
Teil: Część 6
Beteiligt: ; ;
Ausgabe: Wydanie I
Veröffentlicht: Katowice : Wydawnictwo Uniwersytetu Śląskiego, 2016
Umfang: 213 Seiten, 4 ungezählte Seiten Bildtafeln : Illustrationen
Format: Buch
Sprache: Polnisch
Schriftenreihe/
mehrbändiges Werk:
Od oświecenia ku romantyzmowi i dalej... / pod redakcją Marka Piechoty, Janusza Ryby, Marii Janoszki ; Część 6
alle Bände anzeigen
Prace Naukowe Uniwersytetu Śląskiego w Katowicach ; nr 3533
Historia Literatury Polskiej
RVK-Notation:
Schlagworte:
ISBN: 9788380128682 ; 9788380128699
Buchumschlag
X
alg: 41766399
001A    $00026:10-10-17 
001B    $00026:29-03-18 $t14:01:05.000 
001C    $00026:09-02-18 $t13:58:49.000 
001D    $00026:09-02-18 
001U    $0utf8 
001X    $00 
002@    $0Afu 
002C    $aText $btxt $2rdacontent 
002D    $aohne Hilfsmittel zu benutzen $bn $2rdamedia 
002E    $aBand $bnc $2rdacarrier 
003@    $0417663994 
004A    $A978-83-8012-868-2 
004O    $A978-83-8012-869-9 $So 
007A    $0417663994 $aHEB 
009P    $qapplication/pdf $A2 $3Inhaltsverzeichnis $uhttp://scans.hebis.de/HEBCGI/show.pl?41766399_toc.pdf $mV:DE-603;B:DE-26 
010@    $apol 
010E    $erda 
011@    $a2016 
028C    $BHerausgeber $#Pechota, Marek $4edt $7172815452 $8Piechota, Marek$Z1951- [Tp3] $9297000489 
028C    $BHerausgeber $4edt $7 $8Ryba, Janusz [Tnd] $9181868733 
028C    $BHerausgeber $4edt $7 $8Janoszka, Maria [Tnu] $9425780015 
032@    $aWydanie I 
033A    $pKatowice $nWydawnictwo Uniwersytetu Śląskiego 
034D    $a213 Seiten, 4 ungezählte Seiten Bildtafeln 
034M    $aIllustrationen 
036C    $aOd oświecenia ku romantyzmowi i dalej... $dautorzy - dzieła - czytelnicy $x16 $hpod redakcją Marka Piechoty, Janusza Ryby, Marii Janoszki $lCzęść 6 
036D    $x16 $8Od oświecenia ku romantyzmowi i dalej... : autorzy - dzieła - czytelnicy / pod redakcją Marka Piechoty, Janusza Ryby, Marii Janoszki $941766396X 
036E    $aPrace Naukowe Uniwersytetu Śląskiego w Katowicach $x0208-6336 $lnr 3533 
036G    $aHistoria Literatury Polskiej 
037A    $aLiteraturangaben 
044K    $RGegenaufklärung $#Enlightenment $#Mouvement des Lumières $#Illuminismo $#Ilustración $#Aufklärung $#Aufklärungszeitalter $#Aufklärungszeitalter $#Aufklärungszeit $74003524-4 $8Aufklärung [Ts1] $9085001120 
044K    $RBuch $RSchriftsteller $#Literature $#Littérature $#Letteratura $#Literatura $#literature $#Literature $#Literatur $#Literatur $#Belletristik $#Dichtung Literatur $#Schöne Literatur $#Sprachkunst $#Wortkunst $74035964-5 $8Literatur [Tsz] $9085097128 
044K    $RLechisch $#Polnische Sprache $74120314-8 $8Polnisch [Tsz] $9085383503 
044K    $RBiedermeier $#Romanticism $#Romantisme $#Romanticismo $#Romantik $#Frühromantik $#Spätromantik $74050491-8 $8Romantik [Ts1] $9085140775 
045Z    $8KO 6410 [Tkv] $9409258393 
046L    $aZusammenfassungen in englischer und französischer Sprache 

lok: 41766399 78

exp: 41766399 78 1 #EPN
201B/01 $006-07-21 $t14:10:50.000 
201C/01 $006-07-21 
201U/01 $0utf8 
203@/01 $01160539022 
208@/01 $a06-07-21 $be 
209A/01 $a/ $f000 $x00 
209A/01 $ab*p $x01 
220C/01 $apgar 
244Z/01 $#Generalgouvernement Polen $#Polska $#Rzeczpospolita Polska $#Polska Rzeczpospolita Ludowa $#Poland $#Pologne $#République Polonaise $#Generalne Gubernatorstwo w Polsce $#Polish People's Republic $#Polska Rzeczpospolita Polen $#PRL $#RP $#Polen Generalgouvernement $#Polska Generalgouvernement $#Besetzte Polnische Gebiete $#Besetztes Gebiet in Polen $#Okupowane Polskie Obszary $#Obszary Okupowane w Polsce $#Volksrepublik Polen $#Polska Rosyjska $#Republic Polen $#Respublika Pol'ša $#Pol'skaja Narodnaja Respublika $#République de Pologne $#Polen Links der Weichsel $#Polska po Lewej Stronie Wisły $#Lenkija $#Polija $#Gubernija Carstva Pol'skago $#Republik Polen $74046496-9 $8--Tg1--Polen $x01 $9085129801 
247C/01 $82080>Marburg/Lahn, Herder-Institut, Forschungsbibliothek, Bibliographieportal $9336309341 

lok: 41766399 204

exp: 41766399 204 1 #EPN
201B/01 $017-04-18 $t11:52:03.000 
201C/01 $010-10-17 
201U/01 $0utf8 
203@/01 $01008294403 
208@/01 $a17-04-18 $bzUB 
209A/01 $a000 KO 6410 P613-6 $du $f000 $x00 
209G/01 $a62469145 $x00 
245S/01 $a21000 $x01 
247C/01 $8631000-x <26>Gießen, Universität Gießen, Universitätsbibliothek Gießen $9102596697
LEADER 00000cam a2200000 cc4500
001 417663994
003 DE-603
005 20180329140105.0
007 tu
008 171010s2016 xx |||| | u00||u|pol c
020 |a 9788380128682 
035 |a (DE-599)HEB417663994 
040 |a DE-603  |b ger  |c DE-603  |d DE-603  |e rda 
041 |a pol 
084 |a KO 6410  |0 (DE-625)80586:  |0 (DE-603)409258393  |2 rvk 
245 0 0 |a Od oświecenia ku romantyzmowi i dalej...  |b autorzy - dzieła - czytelnicy  |n Część 6  |c pod redakcją Marka Piechoty, Janusza Ryby, Marii Janoszki 
250 |a Wydanie I 
264 1 |a Katowice  |b Wydawnictwo Uniwersytetu Śląskiego  |c 2016 
300 |a 213 Seiten, 4 ungezählte Seiten Bildtafeln  |b Illustrationen 
336 |a Text  |b txt  |2 rdacontent 
337 |a ohne Hilfsmittel zu benutzen  |b n  |2 rdamedia 
338 |a Band  |b nc  |2 rdacarrier 
490 0 |a Prace Naukowe Uniwersytetu Śląskiego w Katowicach  |x 0208-6336  |v nr 3533 
490 0 |a Historia Literatury Polskiej 
500 |a Literaturangaben 
546 |a Zusammenfassungen in englischer und französischer Sprache 
650 7 |a Aufklärung  |0 (DE-588)4003524-4  |0 (DE-603)085001120  |2 gnd 
650 7 |a Literatur  |0 (DE-588)4035964-5  |0 (DE-603)085097128  |2 gnd 
650 7 |a Polnisch  |0 (DE-588)4120314-8  |0 (DE-603)085383503  |2 gnd 
650 7 |a Romantik  |0 (DE-588)4050491-8  |0 (DE-603)085140775  |2 gnd 
700 1 |a Piechota, Marek  |d 1951-  |e Herausgeber  |4 edt  |0 (DE-603)297000489  |0 (DE-588)172815452  |2 gnd 
700 1 |a Ryba, Janusz  |e Herausgeber  |4 edt  |0 (DE-603)181868733 
700 1 |a Janoszka, Maria  |e Herausgeber  |4 edt  |0 (DE-603)425780015 
773 0 8 |q 16  |w (DE-603)41766396X 
776 1 |z 9788380128699 
856 4 2 |m V:DE-603;B:DE-26  |q application/pdf  |u http://scans.hebis.de/HEBCGI/show.pl?41766399_toc.pdf  |3 Inhaltsverzeichnis 
924 0 |9 2080  |a (DE-603)1160539022  |b DE-2080  |c HES  |d d  |g / 
924 0 |9 26  |a (DE-603)1008294403  |b DE-26  |c HES  |d c  |g 000 KO 6410 P613-6